Normal view
MARC view
Entry Topical Term
001 - CONTROL NUMBER
- control field: 29193
003 - CONTROL NUMBER IDENTIFIER
- control field: OSt
005 - DATE AND TIME OF LATEST TRANSACTION
- control field: 20220120155833.0
008 - FIXED-LENGTH DATA ELEMENTS
- fixed length control field: 220120|| aca||aabn | a|a d
040 ## - CATALOGING SOURCE
- Original cataloging agency: OSt
- Transcribing agency: OSt
150 ## - HEADING--TOPICAL TERM
- Topical term or geographic name entry element: Agriculture, Non-agriculture, Rural-labour market, employment, Assam
670 ## - SOURCE DATA FOUND
- Source citation: Work cat.: (OSt): Tamuli, Mondira 29192, Changing structure of rural workforce and economic activities in Assam: Ensuring wellbeing or struggle for sustenance
